| 000 | 00730nam a2200205 u 4500 | ||
|---|---|---|---|
| 001 | 000020314 | ||
| 005 | 20200929170348.0 | ||
| 008 | 100813s1968 xx 000 0 spa d | ||
| 020 | _a0944499430 | ||
| 040 |
_aDO-SdBNP _bspa _cBNPHU |
||
| 082 |
_a984.052 _bS315d |
||
| 100 | 1 |
_aGuevara, Ernesto, _d1928-1967 _919253 |
|
| 245 | 1 | 0 |
_aThe diary of Che Guevara : _bBolivia, November 7, 1966-October 7, 1967 / _cintroducció de Fidel Castro. Edited by Robert Scheer. |
| 260 |
_aUnited Setates : _bBantam Books, _c1968. |
||
| 490 | 1 | _aA Bantam extra | |
| 650 | 4 |
_aGuerrillas _zBolivia _919328 |
|
| 650 | 4 |
_aActividades subversivas bolivia. _zBolivia _942956 |
|
| 651 | 4 |
_aBolivia _xHistoria _y1938- _924469 |
|
| 830 | 0 |
_aA Bantam extra _942957 |
|
| 999 |
_c19818 _d19818 |
||